000 00584nam a2200205Ia 4500
001 15586
003 GE_BSU
008 181216s||||||||xx |||||||||||||| ||und||
040 _cGE_BSU
100 _aჩხეიძე, ბორის
245 _aხოხბის წყაროსთან
245 _bმოთხრობა
260 _aთბილისი
260 _bნაკადული
260 _c1969
300 _a34გვ. ; 17სმ
653 _aმოთხრობა
653 _aხოხბის წყაროსთან
942 _cBK
999 _c48686
_d48686